| 000 | 00673nam a2200181 a 4500 | ||
|---|---|---|---|
| 001 | 000025074 | ||
| 005 | 20200930023540.0 | ||
| 008 | 110209s1967 mx a r 000 0 spa d | ||
| 040 |
_aDO-SdBNP _bspa _cBNPHU |
||
| 082 |
_axxxxx _bS112c |
||
| 100 | 1 |
_aSaarinen, Eliel _951449 |
|
| 245 | 1 | 3 |
_aLa ciudad : _bsu crecimiento, su declinación y su futuro / _cEliel Saarinen ; traducción Fulvio Zama. |
| 260 |
_aMéxico, D. F. : _bLimusa Wiley, _c1967. |
||
| 300 |
_a307 p. : _bil. ; _c20 cm. |
||
| 534 |
_aTítulo original: _tThe city-its growth, its decay, its future, _cMassachusetts: Reinhold Publishing Corporation, 1943 |
||
| 700 | 1 |
_aZama, Fulvio, _etr. _951450 |
|
| 049 | _aBNGR | ||
| 999 |
_c24567 _d24567 |
||